Online
Catalog

Escritos sociológicos, 1881-1885 / (Record no. 5546)

MARC details
000 -CABECERA
campo de control de longitud fija 00825cam a2200217 a 4500
001 - NÚMERO DE CONTROL
campo de control 000005750
005 - FECHA Y HORA DE LA ÚLTIMA TRANSACCIÓN
campo de control 20240418073804.0
008 - DATOS DE LONGITUD FIJA--INFORMACIÓN GENERAL
campo de control de longitud fija 750721s1965 uy 001 0 spa
040 ## - FUENTE DE LA CATALOGACIÓN
Centro catalogador/agencia de origen DO-SdBNP
Centro/agencia transcriptor FU
Centro/agencia modificador DLC
082 ## - NÚMERO DE LA CLASIFICACIÓN DECIMAL DEWEY
Número de clasificación 301
Número de documento/Ítem M385e
100 1# - ENTRADA PRINCIPAL--NOMBRE DE PERSONA
Nombre de persona Martínez, Martín C.
Forma completa/desarrollada del nombre (Martín Casimiro Martínez Fagalde),
Fechas asociadas al nombre 1859-1946.
9 (RLIN) 16274
245 10 - MENCIÓN DE TÍTULO
Título Escritos sociológicos, 1881-1885 /
Mención de responsabilidad, etc. Martín C. Martínez ; Prólogo, Arturo Ardao.
260 ## - PUBLICACIÓN, DISTRIBUCIÓN, ETC.
Lugar de publicación, distribución, etc. Montevideo, Uruguay :
Nombre del editor, distribuidor, etc. Ministerio de Instrucción Pública y Previsión Social,
Fecha de publicación, distribución, etc. 1965.
300 ## - DESCRIPCIÓN FÍSICA
Extensión xx, 176 p. ;
Dimensiones 20 cm.
490 0# - MENCIÓN DE SERIE
Mención de serie Biblioteca Artigas.
490 0# - MENCIÓN DE SERIE
Mención de serie Clásicos uruguayos
Designación de volumen o secuencia 78
650 #0 - PUNTO DE ACCESO ADICIONAL DE MATERIA--TÉRMINO DE MATERIA
Término de materia o nombre geográfico como elemento de entrada Sociología
9 (RLIN) 1061
700 1# - PUNTO DE ACCESO ADICIONAL--NOMBRE DE PERSONA
Nombre de persona Ardao, Arturo,
Término indicativo de función/relación pról.
9 (RLIN) 16275
830 #0 - PUNTO DE ACCESO ADICIONAL DE SERIE-TÍTULO UNIFORME
Título uniforme Biblioteca Artigas
Nombre de parte o sección de la obra Clásicos uruguayos ;
Designación de volumen o secuencia 78.
9 (RLIN) 16276
910 ## - DATOS DE OPCIÓN DEL USUARIO (OCLC)
Datos de opción del usuario Catalogación por copia / LC
Holdings
Estado de retiro Estado de pérdida Restricciones de uso No para préstamo Código de colección Localización permanente Ubicación/localización actual Ubicación en estantería Fecha de adquisición Número de inventario Total de préstamos Signatura topográfica completa Código de barras Fecha visto por última vez Precio válido a partir de Tipo de ítem Koha
    Préstamo interno   Monografías: Libros y Folletos General General En catalogación 22.08.2009 LF1   301 M385e 5750-10 25.06.2020 25.06.2020 Préstamo interno

Powered by Koha